Ghost - Justin Bieber ( All Lyrics ) - Statistics

General Stats
  • This quiz has been taken 232 times
  • The average score is 190 of 228
Answer Stats
% Correct
you
100%
I
97%
ghost
96%
to
95%
a
94%
of
92%
can't
91%
life
91%
more
91%
More
91%
the
91%
be
90%
me
90%
miss
90%
than
90%
close
88%
for
88%
if
88%
your
88%
Your
88%
And
86%
is
86%
settle
86%
I'll
85%
next
85%
when
82%
that
81%
That
81%
memory
80%
I'm
76%
know
76%
love
73%
tomorrow
73%
always
72%
touch
72%
want
71%
all
67%
follow
67%
get
67%
there's
67%
ecstasy
63%
nights
63%
thinks
63%
but
62%
But
62%
need
62%
hollow
60%
time
60%
Youngblood
60%
oh
58%
Oh
58%
on
58%
it
55%
borrowed
54%
yeah
53%
bridge
47%
left
47%
So
47%
crossed
45%
Since
45%
could
42%
I'd
42%
leave
40%
behind
39%
Na
22%
na
22%
Whoa
19%
No matching quizzes found
Score Distribution
Percent of People with Each Score
Percentile by Number Answered
Your Score History
You have not taken this quiz